000 00380nam a2200133Ia 4500
005 20251222144737.0
008 251222s9999||||xx |||||||||||||| ||spa||
020 _a978-84-668-1943-5
082 _a425.02/B42/4
100 _aBen Goldstein
245 0 _aNew Framework: Student's Book - 4 Upper Intermediate
264 _bRichmond Publishing | Santillana Educación
942 _cLIB
999 _c18826
_d18826